The Japanese colonial empire, 1895-1945 / (Record no. 592145)
[ view plain ]
| 000 -LEADER | |
|---|---|
| fixed length control field | 00869nam a22002177a 4500 |
| 020 ## - INTERNATIONAL STANDARD BOOK NUMBER | |
| International Standard Book Number | 9780691102221 |
| 050 00 - LIBRARY OF CONGRESS CALL NUMBER | |
| Classification number | JV5260 |
| 082 00 - DEWEY DECIMAL CLASSIFICATION NUMBER | |
| Classification number | 325.3152095 |
| Author Mark | JAP |
| 245 04 - TITLE STATEMENT | |
| Title | The Japanese colonial empire, 1895-1945 / |
| Statement of responsibility, etc. | edited by Ramon H. Myers and Mark R. Peattie ; contributors, Ching-chih Chen ... [et al.]. |
| 260 ## - PUBLICATION, DISTRIBUTION, ETC. | |
| Place of publication, distribution, etc. | Princeton, N.J. : |
| Name of publisher, distributor, etc. | Princeton University Press, |
| Date of publication, distribution, etc. | c1984. |
| 300 ## - PHYSICAL DESCRIPTION | |
| Extent | 540 p. ; |
| Dimensions | 23 cm. |
| 651 #0 - SUBJECT ADDED ENTRY--GEOGRAPHIC NAME | |
| Geographic name | Japan |
| General subdivision | Colonies |
| Geographic subdivision | Asia |
| General subdivision | Administration |
| -- | History. |
| 9 (RLIN) | 101889 |
| 651 #0 - SUBJECT ADDED ENTRY--GEOGRAPHIC NAME | |
| Geographic name | Japan |
| General subdivision | Colonies |
| Geographic subdivision | Asia |
| General subdivision | Economic policy. |
| 9 (RLIN) | 101890 |
| 651 #0 - SUBJECT ADDED ENTRY--GEOGRAPHIC NAME | |
| Geographic name | East Asia |
| General subdivision | Politics and government. |
| 9 (RLIN) | 101891 |
| 700 1# - ADDED ENTRY--PERSONAL NAME | |
| Personal name | Myers, Ramon Hawley, |
| Dates associated with a name | 1929- |
| 9 (RLIN) | 101892 |
| 700 1# - ADDED ENTRY--PERSONAL NAME | |
| Personal name | Peattie, Mark R., |
| Dates associated with a name | 1930- |
| 9 (RLIN) | 101893 |
| 700 1# - ADDED ENTRY--PERSONAL NAME | |
| Personal name | Chen, Ching-chih, |
| Dates associated with a name | 1937 May 24- |
| 9 (RLIN) | 101894 |
| 906 ## - LOCAL DATA ELEMENT F, LDF (RLIN) | |
| a | 0 |
| b | cbc |
| c | origcop |
| d | 1 |
| e | ecip |
| f | 20 |
| g | y-gencatlg |
| 942 ## - ADDED ENTRY ELEMENTS (KOHA) | |
| Source of classification or shelving scheme | |
| Koha item type | Book |
| Withdrawn status | Lost status | Source of classification or shelving scheme | Damaged status | Not for loan | Permanent Location | Current Location | Shelving location | Date acquired | Source of acquisition | Full call number | Barcode | Date last seen | Price effective from | Koha item type |
|---|---|---|---|---|---|---|---|---|---|---|---|---|---|---|
| Central Library (CL) | Central Library (CL) | Explore Japan | 10/31/2022 | Donated by Japan Embassy | 325.3152095 JAP | CL-D-2131 | 11/02/2022 | 10/31/2022 | Book |
